| 000 | 01133nam a22002297a 4500 | ||
|---|---|---|---|
| 999 |
_c62802 _d62802 |
||
| 003 | Ge_BSU | ||
| 005 | 20250219124649.0 | ||
| 008 | 250219s1958 ge ||||| |||| 00| 0 geo d | ||
| 041 | _ageo | ||
| 080 | _a611(075.3) : 612(075.3) გ-21 | ||
| 100 |
_aგარიბიანი, რ.ბ. _924397 |
||
| 245 |
_aადამიანის ანატომია და ფიზიოლოგია : _bსაშ. სკოლის მე-8 კლ. სახელმძღვ. / _cრ.ბ. გარიბიანი, ნ.გ. მარკოვი ; თარგმ.: შ. ჩუბინიძის. |
||
| 250 | _aმე-3 გამოც. | ||
| 264 |
_aთბ. : _bცოდნა, _c1958. |
||
| 300 |
_a256 გვ. : _bილ., 7ფ. ტაბ. ; _c22 სმ. |
||
| 653 | _aადამიანის ანატომია | ||
| 653 | _aადამიანის ფიზიოლოგია | ||
| 653 | _aმედიცინა | ||
| 700 |
_aმარკოვი, ნ.გ. _eავტორი _924398 |
||
| 700 |
_aჩუბინიძე, შ. _eმთარგმნელი _922578 |
||
| 942 |
_2udc _cBK |
||